|
|
|
|
| LEADER |
02911nam a2200709 i 4500 |
| 001 |
nkc20243634805 |
| 003 |
CZ PrNK |
| 005 |
20250203082825.0 |
| 007 |
ta |
| 008 |
241129s2024 xr a g 000 j cze |
| 015 |
|
|
|a cnb003634805
|
| 020 |
|
|
|a 978-80-908039-9-2
|q (vázáno)
|
| 035 |
|
|
|a (OCoLC)1498299972
|
| 040 |
|
|
|a ABG001
|b cze
|d BOA001
|e rda
|
| 041 |
1 |
|
|a cze
|a ger
|h cze
|
| 043 |
|
|
|a e-pl---
|a e-xr---
|b e-xr-cc
|2 czenas
|
| 072 |
|
7 |
|a 821
|x Literatura v různých jazycích
|2 Konspekt
|9 25
|
| 080 |
|
|
|a 821.162.3-34
|2 MRF
|
| 080 |
|
|
|a 821.112.2-34
|2 MRF
|
| 080 |
|
|
|a 398.43(23)
|2 MRF
|
| 080 |
|
|
|a 398.4
|2 MRF
|
| 080 |
|
|
|a (437.31-17)
|2 MRF
|
| 080 |
|
|
|a (0:82-34)
|2 MRF
|
| 080 |
|
|
|a (0.027)=030
|2 MRF
|
| 100 |
1 |
|
|a Laurin, Petra,
|d 1962-
|7 jo2016904797
|4 aut
|4 trl
|
| 245 |
1 |
0 |
|a Krakonoš, Pán hor :
|b česko-německo-slezské pověsti = Rübezahl, der Herr der Berge : deutsch-tschechisch-schlesische Sagen /
|c Petra Laurin, Jan Šebelka ; ilustrace Monika Hanika ; překlady Sven Dietrich, Petra Laurin, Naďa Meissnitzer, Christa Petrásková
|
| 246 |
3 |
1 |
|a Rübezahl, der Herr der Berge
|
| 250 |
|
|
|a Vydání první
|
| 264 |
|
1 |
|a Rýnovice :
|b Dům česko-německého porozumění v Rýnovicích,
|c 2024
|
| 300 |
|
|
|a 213 stran :
|b barevné ilustrace ;
|c 22 cm
|
| 336 |
|
|
|a text
|b txt
|2 rdacontent
|
| 337 |
|
|
|a bez média
|b n
|2 rdamedia
|
| 338 |
|
|
|a svazek
|b nc
|2 rdacarrier
|
| 504 |
|
|
|a Obsahuje bibliografii
|
| 520 |
2 |
|
|a Dvojjazyčné vydání pověstí o vládci Krkonoš.
|
| 546 |
|
|
|a Souběžný německý text
|
| 600 |
0 |
7 |
|a Krakonoš
|c (fiktivní postava)
|7 jo2016908721
|2 czenas
|
| 650 |
0 |
7 |
|a horští duchové
|7 ph1206683
|z Česko
|2 czenas
|
| 650 |
0 |
7 |
|a nadpřirozené bytosti
|7 ph123156
|z Česko
|2 czenas
|
| 650 |
0 |
9 |
|a mountain spirits
|z Czechia
|2 eczenas
|
| 650 |
0 |
9 |
|a supernatural beings
|z Czechia
|2 eczenas
|
| 651 |
|
7 |
|a Krkonoše (Česko a Polsko : pohoří)
|7 ge134289
|2 czenas
|
| 651 |
|
9 |
|a Krkonoše Mountains (Czechia and Poland)
|2 eczenas
|
| 655 |
|
7 |
|a české pověsti
|7 fd201456
|2 czenas
|
| 655 |
|
7 |
|a německé pověsti
|7 fd201455
|2 czenas
|
| 655 |
|
7 |
|a dvojjazyčná vydání
|7 fd194533
|2 czenas
|
| 655 |
|
9 |
|a Czech legends
|2 eczenas
|
| 655 |
|
9 |
|a German legends
|2 eczenas
|
| 655 |
|
9 |
|a bilingual editions
|2 eczenas
|
| 700 |
1 |
|
|a Šebelka, Jan,
|d 1951-
|7 xx0000049
|4 aut
|
| 700 |
1 |
|
|a Hanika, Monika,
|d 1947-
|7 xx0276700
|4 ill
|
| 700 |
1 |
|
|a Dietrich, Sven,
|d 1969-
|7 xx0276718
|4 trl
|
| 700 |
1 |
|
|a Meissnitzer, Nadia
|7 mzk20201062831
|4 trl
|
| 700 |
1 |
|
|a Petrásková, Christa,
|d 1941-
|7 ola2008455623
|4 trl
|
| 700 |
1 |
2 |
|a Laurin, Petra,
|d 1962-
|t Krakonoš, Pán hor
|
| 700 |
1 |
2 |
|a Laurin, Petra,
|d 1962-
|t Krakonoš, Pán hor.
|l Německy
|
| 910 |
2 |
|
|a BOA001
|b 2-1538.230
|
| 920 |
|
|
|a 5037795
|z ABG001
|
| 990 |
|
|
|a BK
|
| 995 |
|
|
|a 01
|
| 991 |
|
|
|b 202501
|c NOV
|
| 996 |
6 |
|
|b 2610991095
|c 2-1538.230
|l MZK
|r Sklad / do 1 hodiny
|n 0
|p p.v.
|w 001989551
|u 000010
|a 1
|e BOA001
|j MZK50
|s P
|